000 01373cam a2200349 a 4500
999 _c130319
_d130319
001 14704427
003 ARRUPE
005 20200207094725.0
008 070103s2006 enkab b 001 0beng
010 _a 2007367994
020 _a0224073664
035 _a(CaONFCNI)uk5169194
040 _aDLC
_cDLC
_dDLC
043 _ae-fr---
_ae------
050 0 0 _aDC255.T3
_bL39 2006
100 1 _aLawday, David.
_949416
245 1 0 _aNapoleon's master :
_ba life of Prince Talleyrand /
_cDavid Lawday.
260 _aLondon :
_bJ. Cape,
_cc2006.
300 _a386 p. :
_bill., maps ;
_c24 cm.
504 _aIncludes bibliographical references and index.
600 1 0 _aTalleyrand-Périgord, Charles Maurice de,
_cprince de Bénévent,
_d1754-1838
_949417
600 0 0 _aNapoleon
_bI,
_cEmperor of the French,
_d1769-1821
_xContemporaries.
_948977
650 0 _aStatesmen
_zFrance
_vBiography.
_97631
650 0 _aDiplomats
_zFrance
_vBiography.
_949418
651 0 _aFrance
_xHistory
_yLouis XVI, 1774-1793.
_96012
651 0 _aFrance
_xHistory
_y1789-1815.
_929532
651 0 _aFrance
_xHistory
_yRestoration, 1814-1830.
_949419
856 4 2 _3Publisher description
_uhttp://www.loc.gov/catdir/enhancements/fy0708/2007367994-d.html
906 _a7
_bcbc
_corigres
_d2
_encip
_f20
_gy-gencatlg
942 _2lcc
_cMONOGRAPH